Armonización de la actividad industrial con el medio ambiente : (Record no. 39402)

MARC details
000 -LEADER
campo de control de longitud fija 01346cam a2200397Ia 4500
001 - NÚMERO DE CONTROL
campo de control 100807
005 - FECHA Y HORA DE LA ÚLTIMA TRANSACCIÓN
campo de control 20230410105552.0
008 - DATOS DE LONGITUD FIJA--INFORMACIÓN GENERAL
campo de control de longitud fija 040310s2002 dcua b i000 0 spa d
035 ## - NÚMERO DE CONTROL DEL SISTEMA
Número de control de sistema (OCoLC)ocm54676020
040 ## - FUENTE DE CATALOGACIÓN
Centro catalogador/agencia de origen UN@
Centro/agencia transcriptor UN@
Centro/agencia modificador PIT
-- OCLCQ
020 ## - NÚMERO INTERNACIONAL ESTÁNDAR DEL LIBRO
Número Internacional Estándar del Libro 958682375X
020 ## - NÚMERO INTERNACIONAL ESTÁNDAR DEL LIBRO
Número Internacional Estándar del Libro 9789586823753
035 ## - NÚMERO DE CONTROL DEL SISTEMA
Número de control de sistema (OCoLC)54676020
041 1# - CÓDIGO DE IDIOMA
Código de lengua del texto/banda sonora o título independiente spa
Código de lengua original eng
043 ## - CÓDIGO DE ÁREA GEOGRÁFICA
Código de área geográfica d------
082 0# - NÚMERO DE LA CLASIFICACIÓN DECIMAL DEWEY
Número de clasificación 333.7
Número de ítem A733 2002
050 14 - SIGNATURA TOPOGRÁFICA DE LA BIBLIOTECA DEL CONGRESO
Número de clasificación HC59.72.P55
Número de ítem G813a 2002
130 0# - ENTRADA PRINCIPAL--TÍTULO UNIFORME
Título uniforme Greening industry.
Lenguaje de la obra Spanish.
245 10 - MENCIÓN DEL TÍTULO
Título Armonización de la actividad industrial con el medio ambiente :
Resto del título nuevas funciones de la comunidad, el mercado y el gobierno.
250 ## - MENCION DE EDICION
Mención de edición 1. ed.
260 ## - PUBLICACIÓN, DISTRIBUCIÓN, ETC.
Lugar de publicación, distribución, etc. Washington, D.C. :
Nombre del editor, distribuidor, etc. Banco Mundial ;
Lugar de publicación, distribución, etc. [Bogota] :
Nombre del editor, distribuidor, etc. Alfaomega Colombiana,
Fecha de publicación, distribución, etc. 2002.
300 ## - DESCRIPCIÓN FÍSICA
Extensión xx, 151 p. :
Otras características físicas ill. ;
Dimensiones 23 cm.
490 1# - MENCIÓN DE SERIE
Mención de serie A World Bank policy research report
504 ## - NOTA DE BIBLIOGRAFÍA, ETC.
Nota de bibliografía, etc. Includes bibliographical references.
650 #0 - PUNTO DE ACCESO ADICIONAL DE MATERIA--TÉRMINO DE MATERIA
Término de materia o nombre geográfico como elemento de entrada Pollution
Subdivisión geográfica Developing countries.
650 #0 - PUNTO DE ACCESO ADICIONAL DE MATERIA--TÉRMINO DE MATERIA
Término de materia o nombre geográfico como elemento de entrada Environmental policy
Subdivisión geográfica Developing countries.
650 #0 - PUNTO DE ACCESO ADICIONAL DE MATERIA--TÉRMINO DE MATERIA
Término de materia o nombre geográfico como elemento de entrada Sustainable development.
650 #4 - PUNTO DE ACCESO ADICIONAL DE MATERIA--TÉRMINO DE MATERIA
Término de materia o nombre geográfico como elemento de entrada Contaminación
Subdivisión geográfica Paises desarrollados.
650 #4 - PUNTO DE ACCESO ADICIONAL DE MATERIA--TÉRMINO DE MATERIA
Término de materia o nombre geográfico como elemento de entrada Política ambiental
Subdivisión geográfica Paises desarrollados.
650 #4 - PUNTO DE ACCESO ADICIONAL DE MATERIA--TÉRMINO DE MATERIA
Término de materia o nombre geográfico como elemento de entrada Desarrollo sostenible.
710 2# - ENTRADA AGREGADA--NOMBRE DE ENTIDAD CORPORATIVA
Nombre de entidad corporativa o nombre de jurisdicción como elemento de entrada World Bank.
830 #2 - PUNTO DE ACCESO ADICIONAL DE SERIE-TÍTULO UNIFORME
Título uniforme A World Bank policy research report.
942 ## - ELEMENTOS DE ENTRADA SECUNDARIOS (KOHA)
Fuente del sistema de clasificación o colocación Clasificación de Library of Congress
Tipo de ítem Koha
946 ## - PROCESAMIENTO DE INFORMACIÓN LOCAL (OCLC)
a FHM
994 ## -
-- C0
-- DRFGD
Holdings
Estatus retirado Estado de pérdida Fuente del sistema de clasificación o colocación Estado de daño No para préstamo Colección Biblioteca de origen Biblioteca actual Ubicación en estantería Fecha de adquisición Serial enumeration / chronology Signatura topográfica completa Código de barras Visto por última vez Copia número Tipo de ítem Koha
    Clasificación de Library of Congress     Ciencias Sociales Biblioteca Juan Bosch Biblioteca Juan Bosch Ciencias Sociales (3er. Piso) 10/04/2023 3 HC59.72.P55 G813a 2002 00000094307 24/10/2018 1